000
00223nam a22000857a 4500
008
160822b xxu||||| |||| 00| 0 eng d
100
_9
208
_a
Sharma K.G
245
_a
Social Science-6
260
_a
New Delhi
_b
Prachi publication
_c
2016
999
_c
2866
_d
2866